English-Malayalam dictionary. 2 V (Record no. 20386)

MARC details
000 -LEADER
fixed length control field 00284nam a2200109Ia 4500
082 ## - DEWEY DECIMAL CLASSIFICATION NUMBER
Classification number 030=111=573.14
Item number HAR.1-2
100 ## - MAIN ENTRY--AUTHOR NAME
Personal name Haran
245 #0 - TITLE STATEMENT
Title English-Malayalam dictionary. 2 V
260 ## - PUBLICATION, DISTRIBUTION, ETC. (IMPRINT)
Place of publication Alleppey
Name of publisher Vidyarambham
Year of publication 1957
942 ## - ADDED ENTRY ELEMENTS (KOHA)
Koha item type Books
Holdings
Withdrawn status Lost status Damaged status Not for loan Home library Current library Date acquired Full call number Accession Number Koha item type
        RRII Library RRII Library 16/12/2021 030=111=573.14 HAR.1-2 01113 Books